Daňové priznanie v nadväznosti na poslednú novelizáciu zákona o dani z nehnuteľností
Ide najmä o daňovníkov, ktorým sa na základe ustanovení zákon č. 476/2003 Z.z., ktorým sa dopĺňal a novelizoval zákon č. 317/1992 Zb. o dani z nehnuteľností, zmenil základ dane z pozemkov. Daňovníci boli povinní znovu predložiť daňové priznanie na zdaňovacie obdobie 2004.
Gespeichert in:
| 1. Verfasser: | |
|---|---|
| Format: | Buchkapitel |
| Sprache: | Slowakisch |
| Schlagworte: | |
| Tags: |
Keine Tags, Fügen Sie das erste Tag hinzu!
|
MARC
| LEADER | 00000naa$a2200000$$$4500 | ||
|---|---|---|---|
| 001 | 0005161 | ||
| 005 | 20231106065752.3 | ||
| 041 | 0 | |a slo | |
| 044 | |a SK | ||
| 245 | 1 | 0 | |a Daňové priznanie v nadväznosti na poslednú novelizáciu zákona o dani z nehnuteľností |c aut. Irena Bubeníková |
| 520 | |a Ide najmä o daňovníkov, ktorým sa na základe ustanovení zákon č. 476/2003 Z.z., ktorým sa dopĺňal a novelizoval zákon č. 317/1992 Zb. o dani z nehnuteľností, zmenil základ dane z pozemkov. Daňovníci boli povinní znovu predložiť daňové priznanie na zdaňovacie obdobie 2004. | ||
| 610 | 2 | 0 | |a dane z nehnuteľností |
| 610 | 2 | 0 | |a priznania daňové |
| 610 | 2 | 0 | |a daňovníci |
| 610 | 2 | 0 | |a zákony |
| 610 | 2 | 0 | |a novelizácia |
| 610 | 2 | 0 | |a 2003 |
| 100 | 1 | |a Bubeníková, Irena | |